Yoga Concordance Vol V11 (Record no. 9553)

MARC details
000 -LEADER
fixed length control field 00301nam a2200121Ia 4500
008 - FIXED-LENGTH DATA ELEMENTS--GENERAL INFORMATION
fixed length control field 211105s9999 xx 000 0 und d
020 ## - INTERNATIONAL STANDARD BOOK NUMBER
International Standard Book Number VYASA16277
100 ## - MAIN ENTRY--PERSONAL NAME
Personal name Maheshanandaji Swami
245 #0 - TITLE STATEMENT
Title Yoga Concordance Vol V11
250 ## - EDITION STATEMENT
Edition statement \N
260 ## - PUBLICATION, DISTRIBUTION, ETC.
Name of publisher, distributor, etc. Kaivalyadhama S.M.Y.M.Samiti
Date of publication, distribution, etc. \N
300 ## - PHYSICAL DESCRIPTION
Extent 503p.
Holdings
Withdrawn status Lost status Damaged status Not for loan Home library Current library Date acquired Total Checkouts Barcode Date last seen Price effective from Koha item type Source of classification or shelving scheme Collection code Shelving location
        SVYASA SVYASA 03/08/2010   13321 11/09/2021 11/09/2021 Books      
        SVYASA SVYASA 03/08/2010   13322 11/09/2021 11/09/2021 Books Dewey Decimal Classification Reference REF1.1C

Powered by Koha